Rorschach Indicators in the Severe Obesity Clinic: Intercultural Comparison Between France and Turkey (notice n° 1574893)

détails MARC
000 -LEADER
fixed length control field 01648cam a2200205 4500500
005 - DATE AND TIME OF LATEST TRANSACTION
control field 20251214031424.0
041 ## - LANGUAGE CODE
Language code of text/sound track or separate title fre
042 ## - AUTHENTICATION CODE
Authentication code dc
100 10 - MAIN ENTRY--PERSONAL NAME
Personal name Mathieu, Joris
Relator term author
245 00 - TITLE STATEMENT
Title Rorschach Indicators in the Severe Obesity Clinic: Intercultural Comparison Between France and Turkey
260 ## - PUBLICATION, DISTRIBUTION, ETC.
Date of publication, distribution, etc. 2025.<br/>
500 ## - GENERAL NOTE
General note 5
520 ## - SUMMARY, ETC.
Summary, etc. This study aims to investigate the psychological profiles of severely obese patients seeking bariatric surgery using the Rorschach test. Conducted as a Franco-Turkish collaboration, the research compares results against the respective norms of both countries to discern cultural differences and similarities in Rorschach indicators. The projective test was administered to 102 French patients and 25 Turkish patients undergoing evaluation for bariatric surgery. Protocols were double-blind analyzed by two psychologists following the scoring system proposed by the French school. This cross-cultural comparison highlights a psychological functioning marked by rigidity, characterized by a tendency to resort to concrete thinking to cope with affect and anxiety. Based on these findings, the authors suggest a reconsideration of therapeutic approaches and propose several research perspectives.
700 10 - ADDED ENTRY--PERSONAL NAME
Personal name Topyay Özfidan, Aslıhan
Relator term author
700 10 - ADDED ENTRY--PERSONAL NAME
Personal name Sanahuja, Almudena
Relator term author
700 10 - ADDED ENTRY--PERSONAL NAME
Personal name Lighezzolo-Alnot, Joëlle
Relator term author
700 10 - ADDED ENTRY--PERSONAL NAME
Personal name Ikiz, Tevfika
Relator term author
786 0# - DATA SOURCE ENTRY
Note Psychologie clinique et projective | 37 | 1 | 2025-10-29 | p. 165-182 | 1265-5449
856 41 - ELECTRONIC LOCATION AND ACCESS
Uniform Resource Identifier <a href="https://shs.cairn.info/journal-psychologie-clinique-et-projective-2025-1-page-165?lang=en&redirect-ssocas=7080">https://shs.cairn.info/journal-psychologie-clinique-et-projective-2025-1-page-165?lang=en&redirect-ssocas=7080</a>

Pas d'exemplaire disponible.

PLUDOC

PLUDOC est la plateforme unique et centralisée de gestion des bibliothèques physiques et numériques de Guinée administré par le CEDUST. Elle est la plus grande base de données de ressources documentaires pour les Étudiants, Enseignants chercheurs et Chercheurs de Guinée.

Adresse

627 919 101/664 919 101

25 boulevard du commerce
Kaloum, Conakry, Guinée

Réseaux sociaux

Powered by Netsen Group @ 2025